Kỹ thuật ghép nối máy vi tính
Đã lưu trong:
| Hovedforfatter: | |
|---|---|
| Format: | Bog |
| Sprog: | Undetermined |
| Udgivet: |
Hà Nội
Giáo Dục
1998
|
| Fag: | |
| Tags: |
Tilføj Tag
Ingen Tags, Vær først til at tagge denne postø!
|
| Thư viện lưu trữ: | Trung tâm Học liệu Trường Đại học Cần Thơ |
|---|
| LEADER | 00509nam a2200169Ia 4500 | ||
|---|---|---|---|
| 001 | CTU_29683 | ||
| 008 | 210402s9999 xx 000 0 und d | ||
| 082 | |a 004 | ||
| 082 | |b Gi106 | ||
| 100 | |a Nguyễn Mạnh Giang | ||
| 245 | 0 | |a Kỹ thuật ghép nối máy vi tính | |
| 245 | 0 | |c Nguyễn Mạnh Giang | |
| 260 | |a Hà Nội | ||
| 260 | |b Giáo Dục | ||
| 260 | |c 1998 | ||
| 650 | |a computers,electronic apparatus and appliances | ||
| 980 | |a Trung tâm Học liệu Trường Đại học Cần Thơ | ||